[Event "Benidorm - Aficionados sub-2300 2014"]
[Site "Benidorm ESP"]
[Date "2014.12.04"]
[Round "7.64"]
[White "Ortin Blanco, Ainhoa"]
[Black "Ruiz Bellon, Manuel"]
[Result "1-0"]
[WhiteElo "1697"]
[BlackElo "2005"]
[PlyCount "69"]
[EventDate "2014.11.28"]
[EventType "swiss"]
[EventRounds "10"]
[EventCountry "ESP"]
[SourceTitle "Ajedrez en Madrid"]
[Source "lmi"]
[SourceDate "2014.11.28"]

1. d4 g6 2. c4 Bg7 3. Nc3 d6 4. e4 Nc6 5. Be3 e5 6. d5 Nce7 7. Nf3 f5 8. Ng5 f4
9. Bc1 Nf6 10. Be2 O-O 11. O-O h6 12. Ne6 Bxe6 13. dxe6 c6 14. Bf3 Qc7 15. Rb1
Rad8 16. Qb3 g5 17. h3 h5 18. Qd1 g4 19. hxg4 hxg4 20. Bxg4 d5 21. exd5 cxd5
22. cxd5 Nexd5 23. Nxd5 Rxd5 24. Qb3 e4 25. Be2 f3 26. gxf3 Rh5 27. f4 Rh4 28.
Qg3 Rh7 29. Be3 Qe7 30. Rbc1 b6 31. f5 Nh5 32. Bxh5 Rxh5 33. Rc7 Qf6 34. Rd1
Kh8 35. Bd4 1-0

[Event "Benidorm - Aficionados sub-2300 2014"]
[Site "Benidorm ESP"]
[Date "2014.12.04"]
[Round "7.65"]
[White "Baktach, Nesrine"]
[Black "Ostolazaga Barragan, Eneko"]
[Result "0-1"]
[WhiteElo "1652"]
[BlackElo "1863"]
[PlyCount "58"]
[EventDate "2014.11.28"]
[EventType "swiss"]
[EventRounds "10"]
[EventCountry "ESP"]
[SourceTitle "Ajedrez en Madrid"]
[Source "lmi"]
[SourceDate "2014.11.28"]

1. e4 e6 2. d4 d5 3. Nc3 Nf6 4. Bg5 dxe4 5. Nxe4 Be7 6. Nxf6+ Bxf6 7. Bxf6 Qxf6
8. Nf3 O-O 9. Bd3 c5 10. c3 cxd4 11. cxd4 Nc6 12. O-O Rd8 13. Bc2 Nxd4 14. Nxd4
Rxd4 15. Qe2 Bd7 16. Rad1 Bc6 17. Rxd4 Qxd4 18. Rd1 Qf6 19. f3 g6 20. Bb3 h5
21. Kh1 h4 22. h3 a5 23. a3 a4 24. Ba2 Ra5 25. Qf2 Rg5 26. Qd4 Qxf3 27. Qd8+
Kg7 28. Qxg5 Qxd1+ 29. Kh2 Qe2 0-1

[Event "Benidorm - Aficionados sub-2300 2014"]
[Site "Benidorm ESP"]
[Date "2014.12.05"]
[Round "8.1"]
[White "Tetimov, Ivan"]
[Black "Kultiyasov, Mikhail"]
[Result "1-0"]
[WhiteElo "2158"]
[BlackElo "2228"]
[PlyCount "103"]
[EventDate "2014.11.28"]
[EventType "swiss"]
[EventRounds "10"]
[EventCountry "ESP"]
[SourceTitle "Ajedrez en Madrid"]
[Source "lmi"]
[SourceDate "2014.11.28"]

1. d4 Nf6 2. Bg5 e6 3. e4 h6 4. Bxf6 Qxf6 5. c3 d6 6. Bd3 e5 7. Ne2 g6 8. O-O
Bg7 9. f4 exd4 10. cxd4 Bg4 11. Qa4+ Nc6 12. Nbc3 O-O 13. e5 dxe5 14. fxe5 Qg5
15. Bb5 Qe3+ 16. Rf2 Ne7 17. Rd1 Bxe2 18. Bxe2 Rad8 19. Rd3 Qg5 20. Qc4 Nf5 21.
Bf3 Ne3 22. Qb4 Ng4 23. Bxg4 Qxg4 24. h3 Qh4 25. Re2 b6 26. Re4 Qg5 27. h4 Qf5
28. Qc4 Rfe8 29. Rf3 Qd7 30. h5 g5 31. b4 c6 32. a4 Qe6 33. Qe2 Qe7 34. Rfe3
Qxb4 35. d5 Qc5 36. Rc4 Qe7 37. dxc6 Bxe5 38. c7 Rc8 39. Nb5 f6 40. Rxe5 Qxe5
41. Qxe5 fxe5 42. Nxa7 Kf7 43. Nxc8 Rxc8 44. Rc6 Ke8 45. Rxh6 Kd7 46. Rh7+ Kc6
47. Rg7 Rf8 48. h6 e4 49. h7 e3 50. Rg8 e2 51. c8=Q+ Kd5 52. Qc1 1-0

[Event "Benidorm - Aficionados sub-2300 2014"]
[Site "Benidorm ESP"]
[Date "2014.12.05"]
[Round "8.2"]
[White "Sanchez Jerez, Emilio Miguel"]
[Black "Tejedor Fuente, Enrique"]
[Result "0-1"]
[WhiteElo "2258"]
[BlackElo "2288"]
[PlyCount "92"]
[EventDate "2014.11.28"]
[EventType "swiss"]
[EventRounds "10"]
[EventCountry "ESP"]
[SourceTitle "Ajedrez en Madrid"]
[Source "lmi"]
[SourceDate "2014.11.28"]

1. Nc3 d5 2. e4 Nf6 3. e5 Nfd7 4. f4 e6 5. Qg4 c5 6. Nf3 Nc6 7. b3 Nb4 8. Kd1
f5 9. Qh3 Be7 10. g4 Nf8 11. gxf5 exf5 12. d4 Ne6 13. Bb5+ Nc6 14. Be3 O-O 15.
Bxc6 bxc6 16. Na4 cxd4 17. Nxd4 Rb8 18. Nxc6 Qc7 19. Nxb8 d4 20. Bd2 Bb7 21.
Re1 Qxb8 22. Qd3 Qa8 23. a3 Bh4 24. Rg1 Be4 25. Qa6 Kf7 26. b4 Rc8 27. Ra2 Rc6
28. Qa5 Bd8 29. Qb5 a6 30. Qe2 Rxc2 31. Qh5+ Kf8 32. Qxh7 Rxa2 33. Nc5 Qd5 34.
Nxe6+ Qxe6 35. Qxg7+ Ke8 36. Qg8+ Qxg8 37. Rxg8+ Ke7 38. h4 Rxa3 39. Rg6 Kf7
40. h5 Bf3+ 41. Kc2 Ra2+ 42. Kd3 Be4+ 43. Ke2 d3+ 44. Ke1 Bh4+ 45. Kd1 Bf3+ 46.
Kc1 Rc2+ 0-1

[Event "Benidorm - Aficionados sub-2300 2014"]
[Site "Benidorm ESP"]
[Date "2014.12.05"]
[Round "8.3"]
[White "Amdouni, Zoubaier"]
[Black "Mora Menezo, Jesus"]
[Result "1-0"]
[WhiteElo "2291"]
[BlackElo "2181"]
[PlyCount "91"]
[EventDate "2014.11.28"]
[EventType "swiss"]
[EventRounds "10"]
[EventCountry "ESP"]
[SourceTitle "Ajedrez en Madrid"]
[Source "lmi"]
[SourceDate "2014.11.28"]

1. e4 d6 2. d4 Nf6 3. Nc3 g6 4. Bg5 c6 5. Qd2 b5 6. a3 Nbd7 7. Nf3 Qc7 8. O-O-O
Nb6 9. d5 Bg7 10. dxc6 O-O 11. Bxb5 a6 12. Bd3 Rb8 13. Bh6 Qxc6 14. Bxg7 Kxg7
15. h4 h5 16. e5 dxe5 17. Nxe5 Qc7 18. Rhe1 Bb7 19. Qg5 Nh7 20. Qg3 e6 21. Ne2
Nd5 22. Nd4 Bc8 23. Nc4 Qxg3 24. fxg3 Bb7 25. Na5 Bc8 26. c4 Ne7 27. b4 Nf6 28.
Rd2 Bd7 29. c5 Bc8 30. Be2 Ned5 31. Bf3 Bd7 32. c6 Rfc8 33. Rc2 Be8 34. Nab3
Nc7 35. Nc5 Nfd5 36. Bxd5 Nxd5 37. Nxa6 Rb6 38. b5 Bxc6 39. Rxc6 Rcxc6+ 40.
Nxc6 Rxb5 41. Nab4 Rc5+ 42. Kb2 Nb6 43. Kb3 Nc4 44. Re2 Nd6 45. a4 Nf5 46. Rc2
1-0

[Event "Benidorm - Aficionados sub-2300 2014"]
[Site "Benidorm ESP"]
[Date "2014.12.05"]
[Round "8.4"]
[White "Nicolas Zapata, Irene"]
[Black "Vaarala, Eric"]
[Result "0-1"]
[WhiteElo "2202"]
[BlackElo "2274"]
[PlyCount "104"]
[EventDate "2014.11.28"]
[EventType "swiss"]
[EventRounds "10"]
[EventCountry "ESP"]
[SourceTitle "Ajedrez en Madrid"]
[Source "lmi"]
[SourceDate "2014.11.28"]

1. d4 d5 2. Nf3 c6 3. c4 e6 4. e3 f5 5. Bd3 Nf6 6. b3 Bd6 7. Bb2 O-O 8. O-O Qe7
9. Ne5 Ng4 10. h3 Nxe5 11. dxe5 Bb4 12. a3 Ba5 13. Nd2 Rd8 14. b4 Bc7 15. Qb3
Nd7 16. cxd5 Nxe5 17. Bc2 cxd5 18. f4 Nf7 19. Rac1 Bb6 20. Nf3 Bd7 21. Nd4 Rac8
22. Bd3 Nd6 23. Rxc8 Rxc8 24. Rf3 Nc4 25. Bxc4 Rxc4 26. Rg3 g6 27. Nf3 Ba4 28.
Qd3 Bc2 29. Qe2 Be4 30. Be5 Rc2 31. Nd2 Bc7 32. Bd4 e5 33. Bc5 Qe8 34. Nxe4
Rxe2 35. Nf6+ Kf7 36. Nxe8 Kxe8 37. Bxa7 e4 38. h4 b6 39. h5 Kf7 40. hxg6+ hxg6
41. Rh3 Kg7 42. a4 Rb2 43. a5 Rxb4 44. Kf1 Rb5 45. axb6 Bxb6 46. Bb8 Rb1+ 47.
Ke2 Bd8 48. Ba7 Bf6 49. g4 Rb2+ 50. Kd1 fxg4 51. Rg3 Kh6 52. Kc1 Ra2 0-1

[Event "Benidorm - Aficionados sub-2300 2014"]
[Site "Benidorm ESP"]
[Date "2014.12.05"]
[Round "8.5"]
[White "Perez Garcia, Alejandro"]
[Black "Olhovik, Andrei"]
[Result "0-1"]
[WhiteElo "2163"]
[BlackElo "2270"]
[PlyCount "88"]
[EventDate "2014.11.28"]
[EventType "swiss"]
[EventRounds "10"]
[EventCountry "ESP"]
[SourceTitle "Ajedrez en Madrid"]
[Source "lmi"]
[SourceDate "2014.11.28"]

1. c4 c5 2. Nf3 g6 3. e3 Nf6 4. d4 cxd4 5. exd4 d5 6. Nc3 Bg7 7. Qb3 O-O 8.
cxd5 Nbd7 9. Bc4 Nb6 10. Bf4 Bf5 11. Nh4 Be4 12. Nxe4 Nxe4 13. Nf3 Nxc4 14.
Qxc4 Qa5+ 15. b4 Qa3 16. Rc1 a5 17. b5 Qb4+ 18. Nd2 Nd6 19. Bxd6 exd6 20. Rb1
Rfe8+ 21. Kd1 Qxc4 22. Nxc4 Re4 23. Nxd6 Rxd4+ 24. Ke2 Rd8 25. Nxb7 Re8+ 26.
Kf1 Rd2 27. Re1 Rxe1+ 28. Kxe1 Rxa2 29. Rf1 Rb2 30. Nc5 Rxb5 31. Na4 Rxd5 32.
Ke2 Rd4 33. Nc5 Rc4 34. Nd3 Rc2+ 35. Ke3 a4 36. Rb1 a3 37. Rb8+ Bf8 38. Ra8 Kg7
39. Ra6 Be7 40. Ra7 a2 41. h3 h5 42. Ra6 Bg5+ 43. Kf3 Bd2 44. Ra3 Bc3 0-1

[Event "Benidorm - Aficionados sub-2300 2014"]
[Site "Benidorm ESP"]
[Date "2014.12.05"]
[Round "8.6"]
[White "Jimenez Martinez, Jose Vicente"]
[Black "Schmidt, Ralf"]
[Result "1/2-1/2"]
[WhiteElo "2257"]
[BlackElo "2119"]
[PlyCount "154"]
[EventDate "2014.11.28"]
[EventType "swiss"]
[EventRounds "10"]
[EventCountry "ESP"]
[SourceTitle "Ajedrez en Madrid"]
[Source "lmi"]
[SourceDate "2014.11.28"]

1. d4 g6 2. c4 Bg7 3. e4 d6 4. Nc3 Nf6 5. f3 O-O 6. Be3 c6 7. Qd2 a6 8. a4 a5
9. Rd1 Na6 10. Nge2 Qc7 11. Nc1 e5 12. d5 Nb4 13. Be2 Nh5 14. dxc6 bxc6 15. O-O
Rd8 16. Nd3 Be6 17. b3 Rab8 18. Nxb4 Rxb4 19. Bc5 Rxb3 20. Bxd6 Rxd6 21. Qxd6
Qxd6 22. Rxd6 Rxc3 23. Rfd1 Nf4 24. Bf1 Bxc4 25. Rxc6 Bxf1 26. Rxc3 Ne2+ 27.
Kxf1 Nxc3 28. Rd8+ Bf8 29. Ra8 Nxa4 30. Rxa5 Nc5 31. Ke2 Kg7 32. Ra7 Ne6 33.
Ra5 Bc5 34. Kf1 Kf6 35. Ra8 h5 36. g3 Bd4 37. Kg2 Nc5 38. Ra3 Kg5 39. Ra8 Nd3
40. h4+ Kf6 41. Ra6+ Ke7 42. Ra3 Nc5 43. Ra8 Kf6 44. Rg8 Nd3 45. Kf1 Ke7 46.
Ke2 Nc1+ 47. Kf1 Na2 48. Kg2 Nb4 49. Kf1 Nd3 50. Ke2 Nc5 51. Kf1 Ne6 52. Kg2
Nf8 53. Kf1 Be3 54. Ke2 Bh6 55. Rh8 Kf6 56. Rg8 Ke7 57. Rh8 Bc1 58. Rg8 Ke8 59.
Kd1 Bh6 60. Rh8 Bg7 61. Rg8 Bf6 62. Ke2 Be7 63. Kf1 Kd7 64. g4 hxg4 65. fxg4
Ke6 66. h5 gxh5 67. gxh5 Nh7 68. h6 Kf6 69. Rg7 Ng5 70. Rg8 Ke6 71. Ke2 f5 72.
Rg6+ Bf6 73. exf5+ Kxf5 74. Rg7 Ke6 75. Ra7 Nf7 76. h7 Nh8 77. Kf3 Kf5 1/2-1/2

[Event "Benidorm - Aficionados sub-2300 2014"]
[Site "Benidorm ESP"]
[Date "2014.12.05"]
[Round "8.7"]
[White "Acebal Muniz, Antonio"]
[Black "Gromovs, Sergejs"]
[Result "0-1"]
[WhiteElo "2127"]
[BlackElo "2255"]
[PlyCount "54"]
[EventDate "2014.11.28"]
[EventType "swiss"]
[EventRounds "10"]
[EventCountry "ESP"]
[SourceTitle "Ajedrez en Madrid"]
[Source "lmi"]
[SourceDate "2014.11.28"]

1. Nf3 d6 2. d4 Bg4 3. e4 e6 4. c4 Nf6 5. Nc3 Be7 6. Be2 O-O 7. O-O c6 8. Be3
Nbd7 9. e5 Ne8 10. exd6 Nxd6 11. Ne5 Bxe2 12. Qxe2 Nf5 13. Nxd7 Qxd7 14. Rad1
Rfe8 15. Rd3 Bb4 16. Ne4 Rad8 17. Rfd1 f6 18. Qh5 Qf7 19. Qxf7+ Kxf7 20. Bf4 g5
21. Bd2 Bxd2 22. R1xd2 Re7 23. g4 Nh4 24. Kf1 b6 25. f3 Red7 26. Nc3 Ng6 27.
Rd1 Ne5 0-1

[Event "Benidorm - Aficionados sub-2300 2014"]
[Site "Benidorm ESP"]
[Date "2014.12.05"]
[Round "8.8"]
[White "Jordan Martinez, Miguel"]
[Black "Fernandez Rubio, Rafael"]
[Result "1/2-1/2"]
[WhiteElo "2236"]
[BlackElo "2029"]
[PlyCount "98"]
[EventDate "2014.11.28"]
[EventType "swiss"]
[EventRounds "10"]
[EventCountry "ESP"]
[SourceTitle "Ajedrez en Madrid"]
[Source "lmi"]
[SourceDate "2014.11.28"]

1. e4 d6 2. d4 Nf6 3. Nc3 e5 4. Nf3 Nbd7 5. Bc4 Be7 6. a4 O-O 7. O-O c6 8. h3
b6 9. Qe2 a6 10. Ba2 Bb7 11. Be3 b5 12. axb5 axb5 13. b4 d5 14. dxe5 dxe4 15.
Ng5 Nxe5 16. Bc5 Bxc5 17. bxc5 Qd4 18. Ncxe4 Nxe4 19. Nxe4 Ng6 20. Nd6 Rab8 21.
Rad1 Qxc5 22. Nxf7 Rxf7 23. Qe6 Qe7 24. Qxe7 Nxe7 25. Rd7 Nd5 26. Rd6 Re8 27.
Bb3 Rfe7 28. Kh2 Re6 29. Rd7 R8e7 30. Rd8+ Kf7 31. Rb1 Re5 32. f4 Rf5 33. Kg3
g6 34. c4 Re3+ 35. Kh2 Ke7 36. Rb8 bxc4 37. Rxb7+ Kd6 38. Bxc4 Rxf4 39. Bxd5
Kxd5 40. Rxh7 c5 41. Rd7+ Kc4 42. Rd6 g5 43. Rg6 Rf5 44. Rc6 Rc3 45. Rd6 Rc2
46. Kg3 Kc3 47. Kg4 Re5 48. g3 c4 49. Rf1 Rce2 1/2-1/2

[Event "Benidorm - Aficionados sub-2300 2014"]
[Site "Benidorm ESP"]
[Date "2014.12.05"]
[Round "8.9"]
[White "Serna Lara, Sergio"]
[Black "Cappon, John"]
[Result "1/2-1/2"]
[WhiteElo "2230"]
[BlackElo "2216"]
[PlyCount "34"]
[EventDate "2014.11.28"]
[EventType "swiss"]
[EventRounds "10"]
[EventCountry "ESP"]
[SourceTitle "Ajedrez en Madrid"]
[Source "lmi"]
[SourceDate "2014.11.28"]

1. d4 Nf6 2. c4 e6 3. Nc3 Bb4 4. e3 O-O 5. Bd3 d5 6. cxd5 exd5 7. Nge2 c6 8.
O-O Re8 9. f3 Nbd7 10. g4 h6 11. Ng3 Nf8 12. a3 Bd6 13. b4 a5 14. b5 c5 15.
Nce2 Qb6 16. a4 Ne6 17. Nf5 Bf8 1/2-1/2

[Event "Benidorm - Aficionados sub-2300 2014"]
[Site "Benidorm ESP"]
[Date "2014.12.05"]
[Round "8.11"]
[White "Buenafe Moya, Javier"]
[Black "Sanchez Barbado, Carlos"]
[Result "1-0"]
[WhiteElo "2256"]
[BlackElo "2173"]
[PlyCount "49"]
[EventDate "2014.11.28"]
[EventType "swiss"]
[EventRounds "10"]
[EventCountry "ESP"]
[SourceTitle "Ajedrez en Madrid"]
[Source "lmi"]
[SourceDate "2014.11.28"]

1. c4 f5 2. Nc3 Nf6 3. g3 e6 4. Bg2 Be7 5. d3 O-O 6. e4 fxe4 7. dxe4 Bc5 8. e5
Ne8 9. Nf3 Nc6 10. O-O b6 11. Ng5 Qe7 12. Nxe6 dxe6 13. Bxc6 Rb8 14. Ne4 h6 15.
Qe2 Bd4 16. Bf4 g5 17. Rad1 Bd7 18. Bxd7 Qxd7 19. Rxd4 Qxd4 20. Rd1 Qxd1+ 21.
Qxd1 gxf4 22. Qg4+ Ng7 23. Qg6 Rf7 24. Qxh6 Rd8 25. Ng5 1-0

[Event "Benidorm - Aficionados sub-2300 2014"]
[Site "Benidorm ESP"]
[Date "2014.12.05"]
[Round "8.14"]
[White "Diez Fraile, David"]
[Black "Belousov, Gennadiy"]
[Result "1-0"]
[WhiteElo "2147"]
[BlackElo "2222"]
[PlyCount "27"]
[EventDate "2014.11.28"]
[EventType "swiss"]
[EventRounds "10"]
[EventCountry "ESP"]
[SourceTitle "Ajedrez en Madrid"]
[Source "lmi"]
[SourceDate "2014.11.28"]

1. d4 d5 2. Nf3 Nf6 3. c4 dxc4 4. Qa4+ c6 5. Qxc4 Bf5 6. g3 e6 7. Bg2 Be7 8.
O-O O-O 9. e3 Na6 10. Rd1 Qb6 11. Nc3 Qb4 12. Qe2 Ne4 13. Qe1 Qa5 14. Nxe4 1-0

[Event "Benidorm - Aficionados sub-2300 2014"]
[Site "Benidorm ESP"]
[Date "2014.12.05"]
[Round "8.17"]
[White "Sesma Rubio, Patxi"]
[Black "Riquelme Valero, Manuel Damian"]
[Result "1-0"]
[WhiteElo "2182"]
[BlackElo "2099"]
[PlyCount "51"]
[EventDate "2014.11.28"]
[EventType "swiss"]
[EventRounds "10"]
[EventCountry "ESP"]
[SourceTitle "Ajedrez en Madrid"]
[Source "lmi"]
[SourceDate "2014.11.28"]

1. d4 d5 2. c4 dxc4 3. e4 e5 4. d5 Nf6 5. Nc3 b5 6. Nxb5 Nxe4 7. Bxc4 Bc5 8.
Qa4 O-O 9. Be3 Bxe3 10. fxe3 c6 11. Nc3 Qh4+ 12. g3 Nxg3 13. hxg3 Qxh1 14.
O-O-O Qh6 15. dxc6 Qxe3+ 16. Kb1 a5 17. Ka1 h5 18. Nd5 Qg5 19. Nf3 Qxg3 20.
Ne7+ Kh8 21. Qa3 Be6 22. Ng6+ Qxg6 23. Qxf8+ Kh7 24. Bxe6 Nxc6 25. Qxa8 Nb4 26.
Bb3 1-0

[Event "Benidorm - Aficionados sub-2300 2014"]
[Site "Benidorm ESP"]
[Date "2014.12.05"]
[Round "8.20"]
[White "Cano Gimenez, Vicente"]
[Black "Mascarell Canet, Ricardo"]
[Result "1-0"]
[WhiteElo "2265"]
[BlackElo "1957"]
[PlyCount "45"]
[EventDate "2014.11.28"]
[EventType "swiss"]
[EventRounds "10"]
[EventCountry "ESP"]
[SourceTitle "Ajedrez en Madrid"]
[Source "lmi"]
[SourceDate "2014.11.28"]

1. Nf3 Nf6 2. c4 g6 3. g3 Bg7 4. Bg2 O-O 5. O-O d6 6. Nc3 e5 7. d4 Nc6 8. d5
Ne7 9. e4 Kh8 10. Ne1 Nfg8 11. Nd3 f5 12. f4 c6 13. fxe5 dxe5 14. Be3 Nf6 15.
Nxe5 Nxe4 16. Nxe4 fxe4 17. Nf7+ Rxf7 18. Rxf7 Nf5 19. dxc6 Qe8 20. cxb7 Bxb7
21. Rxb7 Nxe3 22. Qd7 Nf5 23. g4 1-0

[Event "Benidorm - Aficionados sub-2300 2014"]
[Site "Benidorm ESP"]
[Date "2014.12.05"]
[Round "8.21"]
[White "Heredia Serrano, Carla"]
[Black "Longa Yauca, Javier"]
[Result "1-0"]
[WhiteElo "2153"]
[BlackElo "2284"]
[PlyCount "69"]
[EventDate "2014.11.28"]
[EventType "swiss"]
[EventRounds "10"]
[EventCountry "ESP"]
[SourceTitle "Ajedrez en Madrid"]
[Source "lmi"]
[SourceDate "2014.11.28"]

1. e4 Nf6 2. e5 Nd5 3. d4 d6 4. Nf3 g6 5. Bc4 Nb6 6. Bb3 Bg7 7. Ng5 O-O 8. e6
fxe6 9. Bxe6+ Kh8 10. Nf7+ Rxf7 11. Bxf7 Nc6 12. Be3 d5 13. Nc3 e6 14. Ne2 Qf8
15. Bxg6 hxg6 16. Nf4 Qe8 17. h4 Kg8 18. h5 g5 19. h6 gxf4 20. hxg7 Kxg7 21.
Qg4+ Qg6 22. Qxf4 e5 23. dxe5 Bf5 24. Rh6 Qg4 25. Qxg4+ Bxg4 26. Rh1 Bf5 27.
O-O-O Bg6 28. Bxb6 axb6 29. Rxd5 Re8 30. Rd7+ Re7 31. Rxe7+ Nxe7 32. f4 Nf5 33.
Rh3 Nd4 34. Kd2 Bf5 35. g4 1-0

[Event "Benidorm - Aficionados sub-2300 2014"]
[Site "Benidorm ESP"]
[Date "2014.12.05"]
[Round "8.22"]
[White "Torres Sanchez, Jose"]
[Black "Murcia Paredes, Angel"]
[Result "0-1"]
[WhiteElo "2277"]
[BlackElo "2147"]
[PlyCount "40"]
[EventDate "2014.11.28"]
[EventType "swiss"]
[EventRounds "10"]
[EventCountry "ESP"]
[SourceTitle "Ajedrez en Madrid"]
[Source "lmi"]
[SourceDate "2014.11.28"]

1. e4 e5 2. Nf3 Nc6 3. Bc4 Bc5 4. b4 Bxb4 5. c3 Be7 6. d4 Na5 7. Be2 d6 8. O-O
Nf6 9. Qa4+ c6 10. dxe5 dxe5 11. Nxe5 Qc7 12. f4 O-O 13. Nd2 Nd7 14. Nef3 b5
15. Qc2 Qxf4 16. Nb3 Qc7 17. Nxa5 Qxa5 18. e5 Qa4 19. Qf5 Nc5 20. Qh5 Bg4 0-1

[Event "Benidorm - Aficionados sub-2300 2014"]
[Site "Benidorm ESP"]
[Date "2014.12.05"]
[Round "8.26"]
[White "Platel, Alexandre"]
[Black "Jensen, Stein"]
[Result "1-0"]
[WhiteElo "2219"]
[BlackElo "2016"]
[PlyCount "61"]
[EventDate "2014.11.28"]
[EventType "swiss"]
[EventRounds "10"]
[EventCountry "ESP"]
[SourceTitle "Ajedrez en Madrid"]
[Source "lmi"]
[SourceDate "2014.11.28"]

1. e4 c5 2. Nf3 Nc6 3. Bb5 g6 4. O-O Bg7 5. c3 Nf6 6. d4 cxd4 7. cxd4 Nxe4 8.
d5 Na5 9. Na3 a6 10. Bd3 Nc5 11. Nc4 Nxc4 12. Bxc4 a5 13. a3 Na6 14. d6 e6 15.
Bg5 f6 16. Be3 b6 17. h4 O-O 18. Nd2 Nc5 19. b4 axb4 20. axb4 Rxa1 21. Qxa1 Nb7
22. Qa7 Nxd6 23. Bxb6 Qe8 24. Bc5 Nxc4 25. Nxc4 d5 26. Nd6 Qd8 27. Nxc8 Qxc8
28. Bxf8 Bxf8 29. b5 Bc5 30. Qa6 Qd7 31. Rc1 1-0

[Event "Benidorm - Aficionados sub-2300 2014"]
[Site "Benidorm ESP"]
[Date "2014.12.05"]
[Round "8.27"]
[White "Ayza Leon, David"]
[Black "Farrand, Julian T"]
[Result "1-0"]
[WhiteElo "2199"]
[BlackElo "1996"]
[PlyCount "58"]
[EventDate "2014.11.28"]
[EventType "swiss"]
[EventRounds "10"]
[EventCountry "ESP"]
[SourceTitle "Ajedrez en Madrid"]
[Source "lmi"]
[SourceDate "2014.11.28"]

1. e4 d6 2. d4 Nf6 3. Nc3 c6 4. f4 Qa5 5. Bd3 e5 6. Nf3 Nbd7 7. O-O Be7 8. Kh1
O-O 9. Qe1 Qc7 10. a4 b6 11. Ne2 d5 12. Nxe5 dxe4 13. Bc4 c5 14. Qc3 Bd6 15.
Qb3 cxd4 16. Nxf7 Nc5 17. Nxd6+ Kh8 18. Nb5 Nxb3 19. Nxc7 Nxa1 20. Nxd4 Bb7 21.
Nxa8 Bxa8 22. Bd2 Ng4 23. Rxa1 e3 24. Bc3 Rxf4 25. Be2 Nf2+ 26. Kg1 Rf6 27. Bf3
Nh3+ 28. gxh3 Bxf3 29. Nxf3 Rxf3 1-0

[Event "Benidorm - Aficionados sub-2300 2014"]
[Site "Benidorm ESP"]
[Date "2014.12.05"]
[Round "8.38"]
[White "Acero Solis, Alberto"]
[Black "Volman, Horacio"]
[Result "1/2-1/2"]
[WhiteElo "1990"]
[BlackElo "2146"]
[PlyCount "69"]
[EventDate "2014.11.28"]
[EventType "swiss"]
[EventRounds "10"]
[EventCountry "ESP"]
[SourceTitle "Ajedrez en Madrid"]
[Source "lmi"]
[SourceDate "2014.11.28"]

1. f4 d6 2. Nf3 Nf6 3. e3 g6 4. d4 Bg7 5. Bc4 a6 6. a4 b6 7. c3 Bb7 8. O-O O-O
9. Qe2 c5 10. Nbd2 Qc7 11. b3 Nbd7 12. Bb2 e6 13. Bd3 e5 14. fxe5 dxe5 15. e4
exd4 16. cxd4 cxd4 17. Rac1 Qd8 18. Bxd4 Nc5 19. Bxc5 bxc5 20. Bb1 Re8 21. Rfe1
Rc8 22. Rcd1 Nd5 23. Nc4 Nc3 24. Qf1 Nxd1 25. Rxd1 Bd4+ 26. Nxd4 cxd4 27. e5
Re6 28. Qf2 Rxc4 29. bxc4 Rxe5 30. h3 Qg5 31. Bc2 Be4 32. Bxe4 Rxe4 33. Rxd4
Re7 34. Rd8+ Kg7 35. Qd4+ 1/2-1/2

[Event "Benidorm - Aficionados sub-2300 2014"]
[Site "Benidorm ESP"]
[Date "2014.12.05"]
[Round "8.39"]
[White "Tocco, Paolo"]
[Black "Segovia Sanchez, Antonio"]
[Result "1-0"]
[WhiteElo "2141"]
[BlackElo "2043"]
[PlyCount "58"]
[EventDate "2014.11.28"]
[EventType "swiss"]
[EventRounds "10"]
[EventCountry "ESP"]
[SourceTitle "Ajedrez en Madrid"]
[Source "lmi"]
[SourceDate "2014.11.28"]

1. e4 c6 2. d4 d5 3. f3 e6 4. Nc3 Nf6 5. Be3 Bb4 6. a3 Bxc3+ 7. bxc3 dxe4 8.
fxe4 Nxe4 9. Qg4 Qa5 10. Ne2 Qf5 11. Qxg7 Qf6 12. Qg4 Nd6 13. Ng3 Qe7 14. Bd3
f5 15. Qh5+ Qf7 16. O-O Qxh5 17. Nxh5 O-O 18. Rf3 Kh8 19. Bg5 Ne8 20. Bc4 b5
21. Bb3 Na6 22. Bf4 Kg8 23. Bh6 Rf7 24. Rg3+ Kh8 25. Bf4 h6 26. Rg6 Nac7 27.
Re1 Nd5 28. Bxd5 cxd5 29. Re3 Kh7 1-0

[Event "Benidorm - Aficionados sub-2300 2014"]
[Site "Benidorm ESP"]
[Date "2014.12.05"]
[Round "8.44"]
[White "Lakunza Oyarbide, Juan Carlos"]
[Black "Arias Castanedo, Jacinto"]
[Result "1-0"]
[WhiteElo "2059"]
[BlackElo "1851"]
[PlyCount "37"]
[EventDate "2014.11.28"]
[EventType "swiss"]
[EventRounds "10"]
[EventCountry "ESP"]
[SourceTitle "Ajedrez en Madrid"]
[Source "lmi"]
[SourceDate "2014.11.28"]

1. d4 d5 2. Nf3 Nf6 3. c4 e6 4. g3 Be7 5. Bg2 O-O 6. O-O b6 7. Nc3 Bb7 8. Bf4
Nh5 9. Bd2 Nd7 10. Ne5 Nxe5 11. dxe5 g6 12. Bh6 Ng7 13. cxd5 exd5 14. Bxd5 c6
15. Bb3 Qc7 16. e6 f5 17. Qd4 Rf6 18. Rfd1 Rd8 19. Qxd8+ 1-0

[Event "Benidorm - Aficionados sub-2300 2014"]
[Site "Benidorm ESP"]
[Date "2014.12.05"]
[Round "8.48"]
[White "Varga, Mariano"]
[Black "Fernandez Seco, Julian"]
[Result "0-1"]
[WhiteElo "2083"]
[BlackElo "2036"]
[PlyCount "62"]
[EventDate "2014.11.28"]
[EventType "swiss"]
[EventRounds "10"]
[EventCountry "ESP"]
[SourceTitle "Ajedrez en Madrid"]
[Source "lmi"]
[SourceDate "2014.11.28"]

1. d4 f5 2. g3 e6 3. Bg2 d5 4. Nf3 Nf6 5. O-O Bd6 6. Bg5 Nbd7 7. Nbd2 O-O 8. c4
c6 9. Rc1 h6 10. Bxf6 Qxf6 11. e3 g5 12. a3 Rf7 13. b4 Nf8 14. b5 cxb5 15. cxd5
exd5 16. Qb3 Be6 17. Ne5 Bxe5 18. dxe5 Qxe5 19. Nf3 Qd6 20. Nd4 Rd7 21. Rfd1
Rad8 22. Qxb5 a6 23. Qd3 Qe5 24. f4 gxf4 25. exf4 Qd6 26. Re1 Re7 27. Re5 Bc8
28. Bxd5+ Kh8 29. Rce1 Rxe5 30. Rxe5 Qc5 31. Qc4 Qxc4 0-1

[Event "Benidorm - Aficionados sub-2300 2014"]
[Site "Benidorm ESP"]
[Date "2014.12.05"]
[Round "8.49"]
[White "Jove Grau, Lluis"]
[Black "Estevez Jacome, Jose Ramon"]
[Result "1/2-1/2"]
[WhiteElo "2077"]
[BlackElo "2009"]
[PlyCount "56"]
[EventDate "2014.11.28"]
[EventType "swiss"]
[EventRounds "10"]
[EventCountry "ESP"]
[SourceTitle "Ajedrez en Madrid"]
[Source "lmi"]
[SourceDate "2014.11.28"]

1. b4 Nf6 2. Bb2 d5 3. Nf3 e6 4. a3 c5 5. bxc5 Bxc5 6. e3 O-O 7. c4 Nc6 8. d4
Be7 9. Nbd2 b6 10. Bd3 dxc4 11. Nxc4 Bb7 12. O-O Rc8 13. Qe2 Nd5 14. Rfd1 Re8
15. Nfe5 Nxe5 16. Nxe5 Bf6 17. Bxh7+ Kxh7 18. Qh5+ Kg8 19. Qxf7+ Kh7 20. Qxb7
Rc2 21. Rab1 Bxe5 22. dxe5 Rf8 23. Rf1 Qh4 24. g3 Qe4 25. Bd4 Rcxf2 26. Rxf2
Qxb1+ 27. Kg2 Qe4+ 28. Kg1 Qb1+ 1/2-1/2